00257nam a2200109Ia 4500008004100000020001800041082001400059100001600073245003700089260000800126500001300134260604s9999 xx 000 0 und d a9780143458203 a808.3 MUR aSUDHA MURTY 0aHOW TO BE HAPPY WITH WHO YOU ARE bPUF aBe Happy